[Event "Benidorm Satellite preliminary"]
[Site "playchess.com #007036"]
[Date "2009.10.24"]
[Round "2"]
[White "Racoony"]
[Black "theentomologist"]
[Result "1-0"]
[WhiteElo "1709"]
[BlackElo "1271"]
[PlyCount "71"]
[EventDate "2009.10.24"]
[EventType "swiss (blitz)"]

1. d4 {[%emt 0:00:01]} Nf6 {[%emt 0:00:02]} 2. c4 {[%emt 0:00:02]} e5 {[%emt 0:
00:03]} 3. dxe5 {[%emt 0:00:02]} Ng4 {[%emt 0:00:01]} 4. Bf4 {[%emt 0:00:03]}
Bc5 {[%emt 0:00:04]} 5. e3 {[%emt 0:00:02]} Nc6 {[%emt 0:00:03]} 6. Nf3 {[%emt
0:00:03]} O-O {[%emt 0:00:03]} 7. Be2 {[%emt 0:00:02]} Re8 {[%emt 0:00:02]} 8.
O-O {[%emt 0:00:09]} Ngxe5 {[%emt 0:00:04]} 9. Nxe5 {[%emt 0:00:06]} Nxe5 {
[%emt 0:00:01]} 10. Nc3 {[%emt 0:00:01]} d6 {[%emt 0:00:03]} 11. a3 {[%emt 0:
00:01]} Bf5 {[%emt 0:00:04]} 12. b4 {[%emt 0:00:04]} Bb6 {[%emt 0:00:02]} 13.
Rc1 {[%emt 0:00:04]} Ng6 {[%emt 0:00:13]} 14. Bg3 {[%emt 0:00:03]} a5 {[%emt 0:
00:14]} 15. Nd5 {[%emt 0:00:18]} axb4 {[%emt 0:00:14]} 16. axb4 {[%emt 0:00:02]
} c5 {[%emt 0:00:07]} 17. b5 {[%emt 0:00:22]} Be4 {[%emt 0:00:12]} 18. Nxb6 {
[%emt 0:00:05]} Qxb6 {[%emt 0:00:02]} 19. Qxd6 {[%emt 0:00:01]} Qxd6 {[%emt 0:
00:01]} 20. Bxd6 {[%emt 0:00:02]} b6 {[%emt 0:00:01]} 21. Bc7 {[%emt 0:00:04]}
Re6 {[%emt 0:00:02]} 22. Rfd1 {[%emt 0:00:02]} Rae8 {[%emt 0:00:08]} 23. Bg4 {
[%emt 0:00:12]} Rf6 {[%emt 0:00:11]} 24. Bd8 {[%emt 0:00:07]} Ne5 {[%emt 0:00:
09]} 25. Bxf6 {[%emt 0:00:05]} gxf6 {[%emt 0:00:02]} 26. Be2 {[%emt 0:00:06]}
Ra8 {[%emt 0:00:06]} 27. Ra1 {[%emt 0:00:03]} Rb8 {[%emt 0:00:08]} 28. Ra7 {
[%emt 0:00:09]} Bc2 {[%emt 0:00:06]} 29. Rc1 {[%emt 0:00:11]} Bb3 {[%emt 0:00:
11]} 30. f4 {[%emt 0:00:09]} Ng6 {[%emt 0:00:06]} 31. Rc3 {[%emt 0:00:07]} Bxc4
{[%emt 0:00:17]} 32. Bxc4 {[%emt 0:00:04]} Nf8 {[%emt 0:00:02]} 33. Rca3 {
[%emt 0:00:05]} Kg7 {[%emt 0:00:04]} 34. Bd5 {[%emt 0:00:05]} Rd8 {[%emt 0:00:
07]} 35. e4 {[%emt 0:00:01]} Nd7 {[%emt 0:00:03]} 36. Ra8 {[%emt 0:00:09]
theentomologist resigns} 1-0

[Event "Benidorm Satellite preliminary"]
[Site "playchess.com #007036"]
[Date "2009.10.24"]
[Round "2"]
[White "sabla"]
[Black "huseyinist"]
[Result "1-0"]
[WhiteElo "1761"]
[BlackElo "1429"]
[PlyCount "81"]
[EventDate "2009.10.24"]
[EventType "swiss (blitz)"]

1. d4 {[%emt 0:00:01]} Nf6 {[%emt 0:00:01]} 2. Nc3 {[%emt 0:00:01]} e6 {[%emt
0:00:01]} 3. Bg5 {[%emt 0:00:02]} Be7 {[%emt 0:00:01]} 4. Nf3 {[%emt 0:00:01]}
O-O {[%emt 0:00:01]} 5. e4 {[%emt 0:00:03]} d5 {[%emt 0:00:02]} 6. e5 {[%emt 0:
00:01]} Nfd7 {[%emt 0:00:01]} 7. h4 {[%emt 0:00:04]} h6 {[%emt 0:00:03]} 8. Bc1
{[%emt 0:00:04]} c5 {[%emt 0:00:01]} 9. g4 {[%emt 0:00:03]} cxd4 {[%emt 0:00:
06]} 10. Qxd4 {[%emt 0:00:01]} Nc6 {[%emt 0:00:02]} 11. Qf4 {[%emt 0:00:03]} f6
{[%emt 0:00:18]} 12. exf6 {[%emt 0:00:05]} Bxf6 {[%emt 0:00:05]} 13. Qg3 {
[%emt 0:00:07]} Nde5 {[%emt 0:00:33]} 14. Nxe5 {[%emt 0:00:10]} Bxe5 {[%emt 0:
00:03]} 15. f4 {[%emt 0:00:01]} Bd6 {[%emt 0:00:29]} 16. g5 {[%emt 0:00:01]} h5
{[%emt 0:00:07]} 17. Bd3 {[%emt 0:00:03]} Nb4 {[%emt 0:00:05]} 18. Bg6 {[%emt
0:00:04]} Qb6 {[%emt 0:00:25]} 19. a3 {[%emt 0:00:03]} Nc6 {[%emt 0:00:04]} 20.
Bxh5 {[%emt 0:00:05]} Qd4 {[%emt 0:00:02]} 21. Rf1 {[%emt 0:00:07]} Bd7 {[%emt
0:00:12]} 22. Bg6 {[%emt 0:00:01]} Be8 {[%emt 0:00:03]} 23. Bd3 {[%emt 0:00:02]
} Bh5 {[%emt 0:00:03]} 24. Be3 {[%emt 0:00:04]} Bxf4 {[%emt 0:00:20]} 25. Rxf4
{[%emt 0:00:02]} Qe5 {[%emt 0:00:09]} 26. Rxf8+ {[%emt 0:00:04]} Rxf8 {[%emt 0:
00:02]} 27. Qxe5 {[%emt 0:00:01]} Nxe5 {[%emt 0:00:02]} 28. Be2 {[%emt 0:00:07]
} Ng4 {[%emt 0:00:20]} 29. Bxg4 {[%emt 0:00:02]} Bxg4 {[%emt 0:00:01]} 30. Ne2
{[%emt 0:00:03]} e5 {[%emt 0:00:03]} 31. Bxa7 {[%emt 0:00:04]} Rc8 {[%emt 0:00:
09]} 32. c3 {[%emt 0:00:03]} e4 {[%emt 0:00:02]} 33. Nd4 {[%emt 0:00:02]} Re8 {
[%emt 0:00:03]} 34. Ne2 {[%emt 0:00:06]} e3 {[%emt 0:00:02]} 35. Nf4 {[%emt 0:
00:06]} Re4 {[%emt 0:00:01]} 36. Nxd5 {[%emt 0:00:02]} e2 {[%emt 0:00:01]} 37.
Kd2 {[%emt 0:00:03]} Re5 {[%emt 0:00:05]} 38. Ne3 {[%emt 0:00:01]} Rb5 {[%emt
0:00:01]} 39. b4 {[%emt 0:00:02]} Bh5 {[%emt 0:00:02]} 40. Bd4 {[%emt 0:00:03]}
Rd5 {[%emt 0:00:01]} 41. Nxd5 {[%emt 0:00:02] huseyinist Terk} 1-0

[Event "Benidorm Satellite preliminary"]
[Site "playchess.com #007036"]
[Date "2009.10.24"]
[Round "2"]
[White "Hophip"]
[Black "Vasily Mln"]
[Result "1-0"]
[WhiteElo "2626"]
[BlackElo "2045"]
[PlyCount "65"]
[EventDate "2009.10.24"]
[EventType "swiss (blitz)"]

1. e4 {[%emt 0:00:01]} c5 {[%emt 0:00:01]} 2. c3 {[%emt 0:00:01]} d5 {[%emt 0:
00:03]} 3. exd5 {[%emt 0:00:00]} Qxd5 {[%emt 0:00:00]} 4. d4 {[%emt 0:00:00]}
Nf6 {[%emt 0:00:02]} 5. Nf3 {[%emt 0:00:01]} Bg4 {[%emt 0:00:00]} 6. Nbd2 {
[%emt 0:00:01]} cxd4 {[%emt 0:00:08]} 7. Bc4 {[%emt 0:00:01]} Qd8 {[%emt 0:00:
06]} 8. Qb3 {[%emt 0:00:11]} e6 {[%emt 0:00:04]} 9. Qxb7 {[%emt 0:00:04]} Nbd7
{[%emt 0:00:05]} 10. cxd4 {[%emt 0:00:01]} Qc8 {[%emt 0:00:16]} 11. Ba6 {[%emt
0:00:15]} Qxb7 {[%emt 0:00:57]} 12. Bxb7 {[%emt 0:00:00]} Rb8 {[%emt 0:00:04]}
13. Bc6 {[%emt 0:00:01]} Bd6 {[%emt 0:00:02]} 14. Ne5 {[%emt 0:00:22]} Ke7 {
[%emt 0:00:08]} 15. Bxd7 {[%emt 0:00:30]} Bxe5 {[%emt 0:00:02]} 16. Bxe6 {
[%emt 0:00:01]} Bxd4 {[%emt 0:00:04]} 17. Bxg4 {[%emt 0:00:05]} Nxg4 {[%emt 0:
00:00]} 18. O-O {[%emt 0:00:04]} Bxb2 {[%emt 0:00:10]} 19. Re1+ {[%emt 0:00:03]
} Kf6 {[%emt 0:01:00]} 20. Bxb2+ {[%emt 0:00:08]} Rxb2 {[%emt 0:00:01]} 21. Nc4
{[%emt 0:00:00]} Rc2 {[%emt 0:00:06]} 22. Nd6 {[%emt 0:00:11]} Rb8 {[%emt 0:00:
09]} 23. f3 {[%emt 0:00:08]} Ne5 {[%emt 0:00:06]} 24. Ne4+ {[%emt 0:00:03]} Kg6
{[%emt 0:00:01]} 25. f4 {[%emt 0:00:05]} Nd3 {[%emt 0:00:03]} 26. Re3 {[%emt 0:
00:12]} Nc5 {[%emt 0:00:03]} 27. Rg3+ {[%emt 0:00:05]} Kf5 {[%emt 0:00:05]} 28.
Nd6+ {[%emt 0:00:04]} Kf6 {[%emt 0:00:02]} 29. Re1 {[%emt 0:00:05]} Rbb2 {
[%emt 0:00:02]} 30. Ne8+ {[%emt 0:00:02]} Kf5 {[%emt 0:00:00]} 31. Nxg7+ {
[%emt 0:00:01]} Kf6 {[%emt 0:00:02]} 32. Nh5+ {[%emt 0:00:01]} Kf5 {[%emt 0:00:
00]} 33. Rg5# {[%emt 0:00:01]} 1-0

[Event "Benidorm Satellite preliminary"]
[Site "playchess.com #007036"]
[Date "2009.10.24"]
[Round "2"]
[White "Wolle1305"]
[Black "KVR"]
[Result "1-0"]
[WhiteElo "1679"]
[BlackElo "2566"]
[PlyCount "53"]
[EventDate "2009.10.24"]
[EventType "swiss (blitz)"]

1. e4 {[%emt 0:00:01]} e6 {[%emt 0:00:01]} 2. d4 {[%emt 0:00:02]} d5 {[%emt 0:
00:01]} 3. Nc3 {[%emt 0:00:01]} Nf6 {[%emt 0:00:02]} 4. Bg5 {[%emt 0:00:03]}
Be7 {[%emt 0:00:01]} 5. e5 {[%emt 0:00:03]} Nfd7 {[%emt 0:00:01]} 6. Bxe7 {
[%emt 0:00:03]} Qxe7 {[%emt 0:00:00]} 7. Nf3 {[%emt 0:00:05]} a6 {[%emt 0:00:
02]} 8. Qd2 {[%emt 0:00:08]} c5 {[%emt 0:00:01]} 9. O-O-O {[%emt 0:00:09]} b5 {
[%emt 0:00:04]} 10. Qf4 {[%emt 0:00:06]} b4 {[%emt 0:00:05]} 11. Na4 {[%emt 0:
00:07]} c4 {[%emt 0:00:02]} 12. b3 {[%emt 0:00:08]} c3 {[%emt 0:00:03]} 13. h4
{[%emt 0:00:12]} Bb7 {[%emt 0:00:03]} 14. h5 {[%emt 0:00:26]} Bc6 {[%emt 0:00:
04]} 15. Nc5 {[%emt 0:00:05]} Nxc5 {[%emt 0:00:04]} 16. dxc5 {[%emt 0:00:01]}
Qxc5 {[%emt 0:00:01]} 17. Ng5 {[%emt 0:00:04]} Ra7 {[%emt 0:00:06]} 18. h6 {
[%emt 0:00:01]} g6 {[%emt 0:00:28]} 19. Kb1 {[%emt 0:00:36]} a5 {[%emt 0:00:15]
} 20. Qf6 {[%emt 0:00:03]} Rf8 {[%emt 0:00:26]} 21. Bd3 {[%emt 0:00:23]} a4 {
[%emt 0:00:04]} 22. Bxg6 {[%emt 0:00:02]} hxg6 {[%emt 0:00:18]} 23. h7 {[%emt
0:00:02]} axb3 {[%emt 0:00:01]} 24. h8=Q {[%emt 0:00:12]} Rxa2 {[%emt 0:00:51]
'} 25. Qxf7+ {[%emt 0:00:13]} Kd8 {[%emt 0:00:06]} 26. Nxe6+ {[%emt 0:00:05]}
Kc8 {[%emt 0:00:03]} 27. Qc7# {[%emt 0:00:02]} 1-0

[Event "Benidorm Satellite preliminary"]
[Site "playchess.com #007036"]
[Date "2009.10.24"]
[Round "2"]
[White "Thanasis892"]
[Black "MrHub"]
[Result "0-1"]
[WhiteElo "1922"]
[BlackElo "2482"]
[PlyCount "92"]
[EventDate "2009.10.24"]
[EventType "swiss (blitz)"]

1. e4 {[%emt 0:00:02]} e6 {[%emt 0:00:01]} 2. d4 {[%emt 0:00:02]} d5 {[%emt 0:
00:01]} 3. Nc3 {[%emt 0:00:02]} Bb4 {[%emt 0:00:02]} 4. a3 {[%emt 0:00:02]}
Bxc3+ {[%emt 0:00:01]} 5. bxc3 {[%emt 0:00:00]} dxe4 {[%emt 0:00:01]} 6. Qg4 {
[%emt 0:00:00]} Nf6 {[%emt 0:00:02]} 7. Qxg7 {[%emt 0:00:01]} Rg8 {[%emt 0:00:
01]} 8. Qh6 {[%emt 0:00:00]} Nbd7 {[%emt 0:00:01]} 9. Bg5 {[%emt 0:00:03]} Qe7
{[%emt 0:00:05]} 10. Bb5 {[%emt 0:00:12]} Ng4 {[%emt 0:00:19]} 11. Bxe7 {[%emt
0:00:08]} Nxh6 {[%emt 0:00:02]} 12. Bh4 {[%emt 0:00:20]} a6 {[%emt 0:00:06]}
13. Bxd7+ {[%emt 0:00:04]} Bxd7 {[%emt 0:00:03]} 14. Bg3 {[%emt 0:00:00]} O-O-O
{[%emt 0:00:03]} 15. Ne2 {[%emt 0:00:03]} Bc6 {[%emt 0:00:01]} 16. Kd2 {[%emt
0:00:25]} Nf5 {[%emt 0:00:02]} 17. Rhe1 {[%emt 0:00:10]} h5 {[%emt 0:00:02]}
18. h4 {[%emt 0:00:03]} Bb5 {[%emt 0:00:14]} 19. a4 {[%emt 0:00:36]} Bxe2 {
[%emt 0:00:14]} 20. Rxe2 {[%emt 0:00:15]} Nxg3 {[%emt 0:00:02]} 21. fxg3 {
[%emt 0:00:00]} Rxg3 {[%emt 0:00:02]} 22. Rxe4 {[%emt 0:00:08]} Rxg2+ {[%emt 0:
00:02]} 23. Re2 {[%emt 0:00:01]} Rg4 {[%emt 0:00:05]} 24. Rf1 {[%emt 0:00:04]}
Rd7 {[%emt 0:00:03]} 25. Rh1 {[%emt 0:00:14]} c5 {[%emt 0:00:03]} 26. Re5 {
[%emt 0:00:07]} cxd4 {[%emt 0:00:03]} 27. Rxh5 {[%emt 0:00:03]} dxc3+ {[%emt 0:
00:03]} 28. Kxc3 {[%emt 0:00:01]} Rxa4 {[%emt 0:00:02]} 29. Rc5+ {[%emt 0:00:
12]} Rc7 {[%emt 0:00:04]} 30. Rxc7+ {[%emt 0:00:02]} Kxc7 {[%emt 0:00:00]} 31.
h5 {[%emt 0:00:01]} Rg4 {[%emt 0:00:02]} 32. h6 {[%emt 0:00:06]} Rg8 {[%emt 0:
00:01]} 33. h7 {[%emt 0:00:01]} Rh8 {[%emt 0:00:01]} 34. Kd4 {[%emt 0:00:03]}
Kd6 {[%emt 0:00:01]} 35. Rh6 {[%emt 0:00:03]} b6 {[%emt 0:00:08]} 36. c4 {
[%emt 0:00:01]} a5 {[%emt 0:00:02]} 37. Rh5 {[%emt 0:00:04]} f6 {[%emt 0:00:08]
} 38. Rb5 {[%emt 0:00:13]} e5+ {[%emt 0:00:09]} 39. Ke4 {[%emt 0:00:13]} Kc6 {
[%emt 0:00:01]} 40. Kf5 {[%emt 0:00:03]} Rxh7 {[%emt 0:00:01]} 41. Kxf6 {[%emt
0:00:01]} Rh6+ {[%emt 0:00:04]} 42. Kf5 {[%emt 0:00:08]} Rh4 {[%emt 0:00:02]}
43. Kxe5 {[%emt 0:00:03]} Rh5+ {[%emt 0:00:02]} 44. Kd4 {[%emt 0:00:02]} Rxb5 {
[%emt 0:00:01]} 45. cxb5+ {[%emt 0:00:00]} Kxb5 {[%emt 0:00:00]} 46. Kc3 {
[%emt 0:00:00]} Ka4 {[%emt 0:00:01] Thanasis892 resigns} 0-1

[Event "Benidorm Satellite preliminary"]
[Site "playchess.com #007036"]
[Date "2009.10.24"]
[Round "2"]
[White "CubaChessPraxis"]
[Black "Zoschi"]
[Result "1-0"]
[WhiteElo "2103"]
[BlackElo "1627"]
[PlyCount "47"]
[EventDate "2009.10.24"]
[EventType "swiss (blitz)"]

1. d4 {[%emt 0:00:04]} d5 {[%emt 0:00:02]} 2. c4 {[%emt 0:00:01]} c6 {[%emt 0:
00:02]} 3. Nf3 {[%emt 0:00:02]} Nf6 {[%emt 0:00:02]} 4. Nbd2 {[%emt 0:00:01]}
e6 {[%emt 0:00:04]} 5. g3 {[%emt 0:00:01]} Bd6 {[%emt 0:00:03]} 6. Bg2 {[%emt
0:00:01]} O-O {[%emt 0:00:01]} 7. O-O {[%emt 0:00:01]} b6 {[%emt 0:00:05]} 8.
b3 {[%emt 0:00:01]} Bb7 {[%emt 0:00:02]} 9. Bb2 {[%emt 0:00:02]} Nbd7 {[%emt 0:
00:09]} 10. Ne5 {[%emt 0:00:02]} c5 {[%emt 0:00:10]} 11. e3 {[%emt 0:00:10]}
Qe7 {[%emt 0:00:03]} 12. f4 {[%emt 0:00:03]} Rfd8 {[%emt 0:00:22]} 13. Qe2 {
[%emt 0:00:02]} Rac8 {[%emt 0:00:03]} 14. Rfd1 {[%emt 0:00:03]} Ne8 {[%emt 0:
00:24]} 15. Bh3 {[%emt 0:00:12]} f5 {[%emt 0:00:14]} 16. cxd5 {[%emt 0:00:09]}
Bxd5 {[%emt 0:00:07]} 17. Ndc4 {[%emt 0:00:02]} Bb8 {[%emt 0:00:17]} 18. g4 {
[%emt 0:00:09]} g6 {[%emt 0:00:06]} 19. gxf5 {[%emt 0:00:02]} gxf5 {[%emt 0:00:
02]} 20. Bg2 {[%emt 0:00:05]} Nef6 {[%emt 0:00:06]} 21. Bxd5 {[%emt 0:00:04]}
Nxd5 {[%emt 0:00:02]} 22. Kh1 {[%emt 0:00:00]} Kh8 {[%emt 0:00:02]} 23. dxc5 {
[%emt 0:00:04]} Nxc5 {[%emt 0:00:11]} 24. Ng6+ {[%emt 0:00:04] Zoschi gibt auf}
1-0

[Event "Benidorm Satellite preliminary"]
[Site "playchess.com #007036"]
[Date "2009.10.24"]
[Round "2"]
[White "Lucchi Lorenzo"]
[Black "BLiTzcHAmP"]
[Result "0-1"]
[WhiteElo "2164"]
[BlackElo "2723"]
[PlyCount "96"]
[EventDate "2009.10.24"]
[EventType "swiss (blitz)"]

1. e4 {[%emt 0:00:02]} e5 {[%emt 0:00:01]} 2. Nf3 {[%emt 0:00:03]} Nc6 {[%emt
0:00:01]} 3. Bc4 {[%emt 0:00:00]} Nf6 {[%emt 0:00:01]} 4. d4 {[%emt 0:00:02]}
exd4 {[%emt 0:00:01]} 5. O-O {[%emt 0:00:01]} Nxe4 {[%emt 0:00:01]} 6. Re1 {
[%emt 0:00:01]} d5 {[%emt 0:00:00]} 7. Bxd5 {[%emt 0:00:01]} Qxd5 {[%emt 0:00:
00]} 8. Nc3 {[%emt 0:00:00]} Qa5 {[%emt 0:00:00]} 9. Nxe4 {[%emt 0:00:00]} Be6
{[%emt 0:00:00]} 10. Bg5 {[%emt 0:00:04]} h6 {[%emt 0:00:07]} 11. Bh4 {[%emt 0:
00:04]} Be7 {[%emt 0:00:10]} 12. Bxe7 {[%emt 0:00:22]} Nxe7 {[%emt 0:00:02]}
13. Nxd4 {[%emt 0:00:01]} O-O-O {[%emt 0:00:01]} 14. c3 {[%emt 0:00:23]} Nf5 {
[%emt 0:00:05]} 15. Nb3 {[%emt 0:00:13]} Rxd1 {[%emt 0:00:08]} 16. Nxa5 {[%emt
0:00:02]} Rxe1+ {[%emt 0:00:01]} 17. Rxe1 {[%emt 0:00:01]} Bxa2 {[%emt 0:00:02]
} 18. b3 {[%emt 0:00:07]} Re8 {[%emt 0:00:04]} 19. g4 {[%emt 0:00:08]} Re5 {
[%emt 0:00:07]} 20. gxf5 {[%emt 0:00:49]} Rxa5 {[%emt 0:00:04]} 21. b4 {[%emt
0:00:05]} Rxf5 {[%emt 0:00:04]} 22. Nc5 {[%emt 0:00:01]} Rg5+ {[%emt 0:00:07]}
23. Kh1 {[%emt 0:00:18]} Bd5+ {[%emt 0:00:02]} 24. Ne4 {[%emt 0:00:01]} f5 {
[%emt 0:00:01]} 25. f4 {[%emt 0:00:03]} Rg6 {[%emt 0:00:04]} 26. h4 {[%emt 0:
00:02]} fxe4 {[%emt 0:00:03]} 27. Kh2 {[%emt 0:00:01]} Rg4 {[%emt 0:00:02]} 28.
Rf1 {[%emt 0:00:01]} Rxh4+ {[%emt 0:00:01]} 29. Kg3 {[%emt 0:00:01]} Rh5 {
[%emt 0:00:02]} 30. f5 {[%emt 0:00:02]} Rg5+ {[%emt 0:00:01]} 31. Kf4 {[%emt 0:
00:01]} Kd7 {[%emt 0:00:01]} 32. Ke5 {[%emt 0:00:01]} c6 {[%emt 0:00:00]} 33.
Rd1 {[%emt 0:00:03]} g6 {[%emt 0:00:05]} 34. Kf6 {[%emt 0:00:09]} Rxf5+ {[%emt
0:00:05]} 35. Kxg6 {[%emt 0:00:01]} Ke6 {[%emt 0:00:01]} 36. b5 {[%emt 0:00:09]
} e3 {[%emt 0:00:02]} 37. c4 {[%emt 0:00:02]} Bxc4 {[%emt 0:00:07]} 38. Rd8 {
[%emt 0:00:01]} Rf6+ {[%emt 0:00:01]} 39. Kg7 {[%emt 0:00:03]} Rf7+ {[%emt 0:
00:01]} 40. Kg8 {[%emt 0:00:06]} e2 {[%emt 0:00:04]} 41. bxc6 {[%emt 0:00:01]}
bxc6 {[%emt 0:00:01]} 42. Re8+ {[%emt 0:00:09]} Kf6 {[%emt 0:00:08]} 43. Kh8 {
[%emt 0:00:04]} Kg6 {[%emt 0:00:06]} 44. Rg8+ {[%emt 0:00:06]} Kf6 {[%emt 0:00:
05]} 45. Re8 {[%emt 0:00:01] Lucchi Lorenzo offre la patta} Bd3 {[%emt 0:00:05]
} 46. Kg8 {[%emt 0:00:06]} Rg7+ {[%emt 0:00:07]} 47. Kh8 {[%emt 0:00:04]} Re7 {
[%emt 0:00:03]} 48. Rf8+ {[%emt 0:00:04]} Ke6 {[%emt 0:00:03] Lucchi Lorenzo
abbandona} 0-1

[Event "Benidorm Satellite preliminary"]
[Site "playchess.com #007036"]
[Date "2009.10.24"]
[Round "2"]
[White "Kingsize"]
[Black "Sff3"]
[Result "1-0"]
[WhiteElo "1376"]
[BlackElo "1731"]
[PlyCount "127"]
[EventDate "2009.10.24"]
[EventType "swiss (blitz)"]

1. e4 {[%emt 0:00:12]} e5 {[%emt 0:00:01]} 2. Nf3 {[%emt 0:00:07]} d6 {[%emt 0:
00:01]} 3. d4 {[%emt 0:00:02]} exd4 {[%emt 0:00:03]} 4. Nxd4 {[%emt 0:00:02]}
Nc6 {[%emt 0:00:00]} 5. c4 {[%emt 0:00:02]} Nf6 {[%emt 0:00:02]} 6. Nxc6 {
[%emt 0:00:02]} bxc6 {[%emt 0:00:01]} 7. Bd3 {[%emt 0:00:01]} Be7 {[%emt 0:00:
01]} 8. Nc3 {[%emt 0:00:01]} O-O {[%emt 0:00:01]} 9. O-O {[%emt 0:00:01]} c5 {
[%emt 0:00:01]} 10. Nd5 {[%emt 0:00:02]} c6 {[%emt 0:00:01]} 11. Nxe7+ {[%emt
0:00:02]} Qxe7 {[%emt 0:00:00]} 12. Bg5 {[%emt 0:00:03]} Qe5 {[%emt 0:00:03]}
13. f4 {[%emt 0:00:10]} Qd4+ {[%emt 0:00:02]} 14. Kh1 {[%emt 0:00:02]} Qxb2 {
[%emt 0:00:01]} 15. e5 {[%emt 0:00:06]} Ng4 {[%emt 0:00:05]} 16. Qf3 {[%emt 0:
00:32]} dxe5 {[%emt 0:00:04]} 17. h3 {[%emt 0:00:04]} h6 {[%emt 0:00:27] Sff3
réclame le gain suite à déconnexion} 18. hxg4 {[%emt 0:01:02]} hxg5 {[%emt 0:
00:02]} 19. fxg5 {[%emt 0:00:06]} Qd4 {[%emt 0:00:08]} 20. Rad1 {[%emt 0:00:10]
} Qf4 {[%emt 0:00:04]} 21. Qh3 {[%emt 0:00:08]} Qxf1+ {[%emt 0:00:12]} 22. Rxf1
{[%emt 0:00:05]} g6 {[%emt 0:00:00]} 23. Rf6 {[%emt 0:00:08]} Be6 {[%emt 0:00:
03]} 24. Bxg6 {[%emt 0:00:11]} fxg6 {[%emt 0:00:01]} 25. Rxg6+ {[%emt 0:00:04]}
Kf7 {[%emt 0:00:01]} 26. Qh7+ {[%emt 0:00:03]} Ke8 {[%emt 0:00:01]} 27. Rxe6+ {
[%emt 0:00:01]} Kd8 {[%emt 0:00:01]} 28. Qe7+ {[%emt 0:00:03]} Kc8 {[%emt 0:00:
01]} 29. Rxc6+ {[%emt 0:00:01]} Kb8 {[%emt 0:00:03]} 30. Qxf8+ {[%emt 0:00:03]}
Kb7 {[%emt 0:00:01]} 31. Qc8+ {[%emt 0:00:04]} Rxc8 {[%emt 0:00:02]} 32. Re6 {
[%emt 0:00:04]} Rd8 {[%emt 0:00:08]} 33. Rxe5 {[%emt 0:00:02]} Rd4 {[%emt 0:00:
01]} 34. Rxc5 {[%emt 0:00:04]} Rxg4 {[%emt 0:00:01]} 35. a4 {[%emt 0:00:06]}
Kb6 {[%emt 0:00:01]} 36. Re5 {[%emt 0:00:03]} Rxc4 {[%emt 0:00:03]} 37. g6 {
[%emt 0:00:01]} Rg4 {[%emt 0:00:01]} 38. Re6+ {[%emt 0:00:01]} Ka5 {[%emt 0:00:
01]} 39. Re7 {[%emt 0:00:05]} a6 {[%emt 0:00:02]} 40. g7 {[%emt 0:00:03]} Kxa4
{[%emt 0:00:01]} 41. Kh2 {[%emt 0:00:03]} a5 {[%emt 0:00:02]} 42. Kh3 {[%emt 0:
00:01]} Rg6 {[%emt 0:00:01]} 43. g4 {[%emt 0:00:04]} Ka3 {[%emt 0:00:01]} 44.
Kh4 {[%emt 0:00:01]} a4 {[%emt 0:00:06]} 45. Kh5 {[%emt 0:00:01]} Rxg7 {[%emt
0:00:04]} 46. Rxg7 {[%emt 0:00:01]} Ka2 {[%emt 0:00:00]} 47. Ra7 {[%emt 0:00:
01]} a3 {[%emt 0:00:00]} 48. Rxa3+ {[%emt 0:00:01]} Kxa3 {[%emt 0:00:01]} 49.
g5 {[%emt 0:00:01]} Kb4 {[%emt 0:00:00]} 50. g6 {[%emt 0:00:01]} Kc5 {[%emt 0:
00:00]} 51. g7 {[%emt 0:00:01]} Kd6 {[%emt 0:00:00]} 52. g8=Q {[%emt 0:00:02]}
Ke7 {[%emt 0:00:00]} 53. Qg6 {[%emt 0:00:01]} Kd7 {[%emt 0:00:02]} 54. Qf6 {
[%emt 0:00:01]} Kc7 {[%emt 0:00:01]} 55. Qe6 {[%emt 0:00:01]} Kb7 {[%emt 0:00:
01]} 56. Qd6 {[%emt 0:00:01]} Ka7 {[%emt 0:00:01]} 57. Qc6 {[%emt 0:00:02]} Kb8
{[%emt 0:00:01]} 58. Qd7 {[%emt 0:00:02]} Ka8 {[%emt 0:00:01]} 59. Kg5 {[%emt
0:00:01]} Kb8 {[%emt 0:00:00]} 60. Kf5 {[%emt 0:00:01]} Ka8 {[%emt 0:00:00]}
61. Ke5 {[%emt 0:00:01]} Kb8 {[%emt 0:00:00]} 62. Kd6 {[%emt 0:00:01]} Ka8 {
[%emt 0:00:00]} 63. Kc6 {[%emt 0:00:01]} Kb8 {[%emt 0:00:00]} 64. Qb7# {[%emt
0:00:02]} 1-0

[Event "Benidorm Satellite preliminary"]
[Site "playchess.com #007036"]
[Date "2009.10.24"]
[Round "2"]
[White "Džundi"]
[Black "PabloSandoval"]
[Result "1-0"]
[WhiteElo "2647"]
[BlackElo "2075"]
[PlyCount "87"]
[EventDate "2009.10.24"]
[EventType "swiss (blitz)"]

1. Nf3 {[%emt 0:00:04]} Nf6 {[%emt 0:00:01]} 2. d4 {[%emt 0:00:01]} e6 {[%emt
0:00:01]} 3. Bf4 {[%emt 0:00:01]} Be7 {[%emt 0:00:02]} 4. c4 {[%emt 0:00:02]}
O-O {[%emt 0:00:00]} 5. Nc3 {[%emt 0:00:01]} b6 {[%emt 0:00:00]} 6. e4 {[%emt
0:00:02]} Bb7 {[%emt 0:00:00]} 7. Bd3 {[%emt 0:00:02]} d6 {[%emt 0:00:01]} 8.
Qe2 {[%emt 0:00:02]} c5 {[%emt 0:00:02]} 9. d5 {[%emt 0:00:02]} exd5 {[%emt 0:
00:02]} 10. cxd5 {[%emt 0:00:02]} Re8 {[%emt 0:00:01]} 11. O-O {[%emt 0:00:02]}
a6 {[%emt 0:00:02]} 12. a4 {[%emt 0:00:02]} Nbd7 {[%emt 0:00:02]} 13. h3 {
[%emt 0:00:03]} h6 {[%emt 0:00:01]} 14. Rfe1 {[%emt 0:00:02]} Qc7 {[%emt 0:00:
02]} 15. b3 {[%emt 0:00:08]} Bf8 {[%emt 0:00:01]} 16. Qc2 {[%emt 0:00:05]} g6 {
[%emt 0:00:05]} 17. Bh2 {[%emt 0:00:08]} Bg7 {[%emt 0:00:01]} 18. Nd2 {[%emt 0:
00:08]} Rad8 {[%emt 0:00:16]} 19. Rab1 {[%emt 0:00:02]} Nh7 {[%emt 0:00:03]}
20. Nc4 {[%emt 0:00:11]} Ne5 {[%emt 0:00:05]} 21. Bf1 {[%emt 0:00:04]} Nxc4 {
[%emt 0:00:02]} 22. bxc4 {[%emt 0:00:03]} Rb8 {[%emt 0:00:30]} 23. Rb3 {[%emt
0:00:01]} Bc8 {[%emt 0:00:04]} 24. Reb1 {[%emt 0:00:03]} Bd7 {[%emt 0:00:01]}
25. f3 {[%emt 0:00:31]} f5 {[%emt 0:00:12]} 26. Bd3 {[%emt 0:00:02]} Rf8 {
[%emt 0:00:42]} 27. exf5 {[%emt 0:00:03]} Bxf5 {[%emt 0:00:02]} 28. Bxf5 {
[%emt 0:00:01]} Rxf5 {[%emt 0:00:01]} 29. Ne4 {[%emt 0:00:02]} Be5 {[%emt 0:00:
17]} 30. Bxe5 {[%emt 0:00:02]} Rxe5 {[%emt 0:00:02]} 31. Qb2 {[%emt 0:00:07]}
Qe7 {[%emt 0:01:03]} 32. Rxb6 {[%emt 0:00:06]} Rxb6 {[%emt 0:00:01]} 33. Qxb6 {
[%emt 0:00:02]} Rxe4 {[%emt 0:00:01]} 34. fxe4 {[%emt 0:00:01]} Qxe4 {[%emt 0:
00:02]} 35. Qd8+ {[%emt 0:00:03]} Nf8 {[%emt 0:00:02]} 36. Rf1 {[%emt 0:00:03]}
Qd4+ {[%emt 0:00:03]} 37. Kh1 {[%emt 0:00:03]} Qg7 {[%emt 0:00:01]} 38. Qxd6 {
[%emt 0:00:03]} g5 {[%emt 0:00:03]} 39. Qd8 {[%emt 0:00:09]} h5 {[%emt 0:00:04]
} 40. d6 {[%emt 0:00:01]} g4 {[%emt 0:00:01]} 41. d7 {[%emt 0:00:01]} gxh3 {
[%emt 0:00:03]} 42. Qxf8+ {[%emt 0:00:02]} Qxf8 {[%emt 0:00:03]} 43. Rxf8+ {
[%emt 0:00:01]} Kxf8 {[%emt 0:00:00]} 44. d8=Q+ {[%emt 0:00:01] PabloSandoval
rinde} 1-0